[Event "Women's Speed Chess Q8"]
[Site "chess.com INT"]
[Date "2021.06.06"]
[Round "7"]
[White "Petrova, Irina"]
[Black "Cyfka, Karina"]
[Result "0-1"]
[WhiteTitle "WIM"]
[BlackTitle "IM"]
[WhiteElo "2110"]
[BlackElo "2417"]
[WhiteFideId "14124122"]
[BlackFideId "1122681"]
[EventDate "2021.06.06"]

1. e4 e5 2. Bc4 Nc6 3. d3 Nf6 4. Nc3 Na5 5. Bb3 Nxb3 6. axb3 h6 7. Nf3 d6 8. Be3
a6 9. h3 c5 10. Qd2 Be7 11. Ne2 Qc7 12. Ng3 Be6 13. O-O d5 14. exd5 Nxd5 15.
Rfe1 O-O-O 16. Qe2 f6 17. Bd2 Qc6 18. Ne4 g5 19. Nc3 h5 20. Nxe5 fxe5 21. Qxe5
Rh6 22. Bxg5 Bxg5 23. Qxg5 Rhh8 24. Qe5 Nxc3 25. Qxe6+ Qxe6 26. Rxe6 Nb5 27. Re5
Nd4 28. Rxc5+ Kb8 29. Re1 Rd7 30. Kf1 h4 31. Re4 b6 32. Rc4 Nf5 33. Rc6 Rd6 34.
Rxd6 Nxd6 35. Re6 Kc7 36. Ke2 a5 37. c3 Rg8 38. Rh6 Rxg2 39. Rxh4 Rg1 40. Rh7+
Kc6 41. Kd2 Rb1 42. Kc2 Rf1 43. h4 Rxf2+ 44. Kb1 Rf3 45. d4 Ne4 46. h5 Rh3 47.
h6 Kb5 48. Rh8 Ng5 49. Ka2 Nf3 50. Ka3 Rh1 51. Ka2 Ne1 52. b4 a4 53. c4+ Kxc4
54. h7 Kb5 55. Rc8 Rxh7 56. b3 Rh2+ 57. Ka3 Nc2+ 0-1

[Event "Women's Speed Chess Q8"]
[Site "chess.com INT"]
[Date "2021.06.06"]
[Round "7"]
[White "Mkrtchian, Lilit"]
[Black "Dordzhieva, Dinara"]
[Result "0-1"]
[WhiteTitle "IM"]
[BlackTitle "WGM"]
[WhiteElo "2388"]
[BlackElo "2311"]
[WhiteFideId "13300601"]
[BlackFideId "24157570"]
[EventDate "2021.06.06"]

1. e4 c5 2. Nc3 Nc6 3. Nge2 e5 4. Nd5 d6 5. Nec3 Be6 6. Bc4 a6 7. d3 b5 8. Bb3
Be7 9. O-O Nf6 10. f4 O-O 11. fxe5 Nxe5 12. Nxe7+ Qxe7 13. Bg5 Ned7 14. Nd5 Bxd5
15. Bxd5 Rab8 16. Kh1 Qe5 17. Bf4 Qe7 18. Bg5 h6 19. Bh4 Qe5 20. Bg3 Qe7 21. Bb3
Ne5 22. c3 c4 23. Bc2 cxd3 24. Bxd3 a5 25. Bc2 b4 26. cxb4 Rxb4 27. b3 Nxe4 28.
Bxe4 Rxe4 29. Qd5 Re2 30. Rad1 Rxa2 31. b4 Ra3 32. bxa5 Re8 33. Ra1 Rd3 34. Qe4
Rd2 35. a6 Qa7 36. Qe1 Rc2 37. Bf2 Qa8 38. a7 Nd3 39. Qxe8+ Qxe8 40. a8=Q Rc8
41. Qd5 Nf4 42. Qf3 g5 43. h3 Rb8 44. Bg3 Ng6 45. Bxd6 Rd8 46. Rae1 Qd7 47. Bg3
Qa7 48. Qf2 Qb7 49. Qf3 Qa7 50. Qf6 Rd2 51. Re8+ Nf8 52. Qd6 Rxd6 53. Bxd6 Qa6
54. Rxf8+ Kg7 55. R1xf7+ Kg6 56. Rf6+ Kh5 57. Re6 Qa1+ 58. Kh2 Qa2 0-1

[Event "Women's Speed Chess Q8"]
[Site "chess.com INT"]
[Date "2021.06.06"]
[Round "7"]
[White "Buksa, Nataliya"]
[Black "Papp, Petra"]
[Result "1/2-1/2"]
[WhiteTitle "IM"]
[BlackTitle "WGM"]
[WhiteElo "2413"]
[BlackElo "2336"]
[WhiteFideId "14123622"]
[BlackFideId "739049"]
[EventDate "2021.06.06"]

1. e4 c6 2. Nc3 d5 3. Nf3 dxe4 4. Nxe4 Nf6 5. Qe2 Nxe4 6. Qxe4 Qa5 7. b4 Qd5 8.
Bd3 Qxe4+ 9. Bxe4 Nd7 10. Bb2 Nf6 11. Bxf6 exf6 12. c3 Bd6 13. Rb1 O-O 14. O-O
Re8 15. Rfe1 Bd7 16. b5 cxb5 17. Bxb7 Rab8 18. Bd5 Bc5 19. h3 Kf8 20. Nd4 Bxd4
21. cxd4 Rxe1+ 22. Rxe1 Re8 23. Rc1 Rc8 24. Rc5 Ke7 25. Bb7 Rb8 26. Bf3 Kd6 27.
Kf1 Rc8 28. Rd5+ Ke7 29. Rc5 Kd6 30. Rh5 h6 31. Rd5+ Kc7 32. Ke2 Re8+ 33. Kd3 a6
34. Rc5+ Kb6 35. Bd5 Be6 36. Bxe6 Rxe6 37. Rc8 Re7 38. d5 Rc7 39. Rg8 g6 40. Kd4
Rc2 41. Kd3 Rc5 42. Rd8 Kc7 43. Rf8 Rxd5+ 44. Kc3 Rd7 45. Rh8 h5 46. g4 hxg4 47.
hxg4 Kd6 48. f4 Kd5 49. Re8 Rc7+ 50. Kd3 a5 51. Rd8+ Kc5 52. Ra8 Kb4 53. Ra6 a4
54. Rxf6 Ka3 55. Rb6 b4 56. f5 gxf5 57. gxf5 b3 58. axb3 axb3 59. Ke4 Re7+ 60.
Kd5 Rd7+ 61. Ke5 Rxd2 62. Kf6 Rf2 63. Rb5 Ka4 64. Rb7 b2 65. Ra7+ Kb3 66. Rxf7
b1=Q 67. Rb7+ Kc2 68. Rxb1 Kxb1 69. Ke6 Kc2 70. f6 Re2+ 71. Kd7 Rf2 72. Ke7 Kd3
73. f7 Kd4 74. f8=Q Rxf8 75. Kxf8 1/2-1/2

[Event "Women's Speed Chess Q8"]
[Site "chess.com INT"]
[Date "2021.06.06"]
[Round "7"]
[White "Obregon Garcia, Roxangel"]
[Black "Corrales Jimenez, Zenia"]
[Result "1/2-1/2"]
[WhiteTitle "WIM"]
[BlackTitle "WIM"]
[WhiteElo "2167"]
[BlackElo "2189"]
[WhiteFideId "3520420"]
[BlackFideId "3506355"]
[EventDate "2021.06.06"]

1. e4 c5 2. Nf3 Nc6 3. g3 g6 4. Bg2 Bg7 5. O-O d6 6. Qe2 Nf6 7. c3 O-O 8. Rd1
Bg4 9. h3 Bxf3 10. Qxf3 Nd7 11. Na3 a6 12. Nc2 Nde5 13. Qe2 c4 14. f4 Nd3 15.
Ne1 Qb6+ 16. Kf1 Nxc1 17. Raxc1 Qc5 18. d4 cxd3 19. Nxd3 Qa5 20. a3 Rac8 21. Kg1
Qb6+ 22. Kh2 Na5 23. Nb4 e6 24. Rd3 Nb3 25. Rcd1 Rfd8 26. Qc2 Nc5 27. R3d2 a5
28. Nd3 Nb3 29. Rf2 Nc5 30. Ne1 a4 31. Nf3 Nxe4 32. Re2 Nc5 33. h4 Nb3 34. h5 d5
35. Ne5 Bxe5 36. Rxe5 d4 37. hxg6 hxg6 38. Be4 Kg7 39. c4 f6 40. Rb5 Qxb5 41.
cxb5 Rxc2+ 42. Bxc2 e5 43. fxe5 fxe5 44. Be4 Nc5 45. Bb1 e4 46. Kg2 d3 47. Kf2
Rf8+ 48. Ke3 Rf3+ 49. Kd4 b6 50. g4 Rg3 51. Kd5 Rxg4 52. Kc6 e3 53. Bxd3 Nxd3
54. Rxd3 Re4 55. Rd1 e2 56. Re1 Re6+ 57. Kd5 Kf7 58. Kc4 g5 59. Kd3 g4 60. Rxe2
Rxe2 61. Kxe2 Kf6 62. Kf2 Ke5 63. Kg3 Kd5 64. Kxg4 Kc5 65. Kf3 Kxb5 66. Ke2 Kc4
67. Kd2 Kb3 68. Kc1 b5 69. Kb1 Kc4 70. Kc2 Kd4 71. b3 Ke3 72. bxa4 bxa4 73. Kc3
Ke4 74. Kb4 Kd5 75. Kxa4 Kc6 76. Ka5 Kb7 77. a4 Ka8 78. Kb6 Kb8 79. a5 Ka8 80.
a6 Kb8 81. Kc6 Ka8 82. Kd6 Ka7 83. Ke6 Kxa6 1/2-1/2

[Event "Women's Speed Chess Q8"]
[Site "chess.com INT"]
[Date "2021.06.06"]
[Round "7"]
[White "Pandey, Srishti"]
[Black "Belenkaya, Dina"]
[Result "0-1"]
[WhiteTitle "WFM"]
[BlackTitle "WGM"]
[WhiteElo "2026"]
[BlackElo "2341"]
[WhiteFideId "35093290"]
[BlackFideId "24142654"]
[EventDate "2021.06.06"]

1. e4 d5 2. exd5 Qxd5 3. Nc3 Qe5+ 4. Nge2 c6 5. d4 Qc7 6. Bf4 Qb6 7. Qd2 Nf6 8.
Ng3 g6 9. Bc4 Bg7 10. O-O O-O 11. Rfe1 Re8 12. Rad1 e6 13. Bb3 Nbd7 14. Nce4
Nxe4 15. Nxe4 Nf6 16. Nd6 Rf8 17. Nc4 Qd8 18. Bd6 Re8 19. Be5 Nd5 20. Nd6 Rf8
21. c4 Nf6 22. h3 Bd7 23. Nxb7 Qb6 24. Nc5 Rfd8 25. Na4 Qb7 26. Qa5 Be8 27. Nc5
Qb6 28. Bc7 Qxa5 29. Bxa5 Rdc8 30. Nd3 Nd7 31. Bc3 c5 32. Ne5 Nxe5 33. dxe5 Bc6
34. Rd6 Bf8 35. Rd3 a5 36. Bd1 a4 37. b3 axb3 38. Bxb3 Rcb8 39. Red1 Be7 40. Bd2
Kf8 41. Bh6+ Ke8 42. Be3 Ra3 43. R3d2 h5 44. Kf1 Ba4 45. Bxa4+ Rxa4 46. Rc1 Rba8
47. Rcc2 Rb4 48. Rc1 Raa4 49. Rdc2 Ra3 50. Ke2 Rba4 51. Rb1 Kd7 52. Rb7+ Ke8 53.
Rxe7+ Kxe7 54. Bxc5+ Kd7 55. Bxa3 Rxa3 56. g3 Kc6 57. h4 Kc5 58. Kf1 Rd3 59. Ke2
Ra3 60. f3 Ra4 61. Ke3 Ra3+ 62. Ke4 Ra4 63. Kf4 Ra3 64. g4 Rd3 65. gxh5 gxh5 66.
Ke4 Ra3 67. f4 Rh3 68. Rb2 Kxc4 69. Rc2+ Kb5 70. Rc7 Rxh4 71. Rxf7 Rh1 72. Rh7
h4 73. f5 Re1+ 74. Kd4 Rd1+ 75. Ke3 exf5 0-1

[Event "Women's Speed Chess Q8"]
[Site "chess.com INT"]
[Date "2021.06.06"]
[Round "8"]
[White "Paehtz, Elisabeth"]
[Black "Dauletova, Gulmira"]
[Result "0-1"]
[WhiteTitle "IM"]
[BlackTitle "WGM"]
[WhiteElo "2456"]
[BlackElo "2257"]
[WhiteFideId "4641833"]
[BlackFideId "13702971"]
[EventDate "2021.06.06"]

1. d4 Nf6 2. Nf3 d5 3. Bf4 c5 4. e3 Nc6 5. Nbd2 cxd4 6. exd4 Bf5 7. c3 e6 8. Qb3
Qc8 9. Be2 Be7 10. Nh4 Bg6 11. O-O Nh5 12. Nxg6 hxg6 13. Be3 Bd6 14. g3 Qc7 15.
f4 g5 16. Bxh5 Rxh5 17. Qd1 g6 18. Rc1 b5 19. Qe2 a6 20. fxg5 Bxg3 21. hxg3
Qxg3+ 22. Qg2 Qxe3+ 23. Rf2 Rxg5 0-1

[Event "Women's Speed Chess Q8"]
[Site "chess.com INT"]
[Date "2021.06.06"]
[Round "8"]
[White "Vo, Thi Kim Phung"]
[Black "Gunina, Valentina"]
[Result "0-1"]
[WhiteTitle "WGM"]
[BlackTitle "GM"]
[WhiteElo "2335"]
[BlackElo "2436"]
[WhiteFideId "12401838"]
[BlackFideId "4167570"]
[EventDate "2021.06.06"]

1. d4 d5 2. c4 c6 3. Nc3 Nf6 4. Nf3 dxc4 5. a4 Bf5 6. e3 e6 7. Bxc4 Bb4 8. O-O
O-O 9. Nh4 Bg6 10. f3 Nbd7 11. e4 e5 12. Nxg6 hxg6 13. Be3 exd4 14. Bxd4 Bc5 15.
Ne2 Qe7 16. Rc1 Bxd4+ 17. Qxd4 Rfd8 18. Qc3 Ne5 19. Kh1 g5 20. Nd4 g6 21. Nb3
Kg7 22. Be2 Rh8 23. Kg1 Nh5 24. g3 Rae8 25. f4 gxf4 26. gxf4 Qh4 27. fxe5 Nf4
28. e6+ f6 29. Rxf4 Qxh2+ 30. Kf1 Qxf4+ 31. Qf3 Rh1+ 32. Kf2 Qh4+ 33. Ke3 Rh3
34. Rd1 Rxf3+ 35. Bxf3 Rxe6 36. Rd7+ Kh6 37. Nd4 Qe1+ 38. Ne2 Qb4 39. Nd4 Rd6
40. Rxd6 Qxd6 41. Ne2 Qb4 0-1

[Event "Women's Speed Chess Q8"]
[Site "chess.com INT"]
[Date "2021.06.06"]
[Round "8"]
[White "Belenkaya, Dina"]
[Black "Ambartsumova, Karina"]
[Result "0-1"]
[WhiteTitle "WGM"]
[BlackTitle "IM"]
[WhiteElo "2341"]
[BlackElo "2382"]
[WhiteFideId "24142654"]
[BlackFideId "4166299"]
[EventDate "2021.06.06"]

1. e4 e5 2. Nf3 d5 3. exd5 e4 4. Qe2 Nf6 5. c4 Be7 6. Nd4 O-O 7. Nc3 Re8 8. h3
c6 9. Qe3 cxd5 10. Be2 Bc5 11. Na4 Bxd4 12. Qxd4 Nc6 13. Qc5 d4 14. O-O Re5 15.
Qa3 d3 16. Bd1 Nd4 17. Qc3 Bxh3 18. gxh3 Rg5+ 19. Kh1 Qd7 20. Kh2 Qd6+ 21. Kh1
Qe6 22. Kh2 Qe5+ 23. Kh1 Qf5 24. Kh2 Qf4+ 25. Kh1 Nf3 0-1

[Event "Women's Speed Chess Q8"]
[Site "chess.com INT"]
[Date "2021.06.06"]
[Round "8"]
[White "Pandey, Srishti"]
[Black "Batsiashvili, Nino"]
[Result "0-1"]
[WhiteTitle "WFM"]
[BlackTitle "GM"]
[WhiteElo "2026"]
[BlackElo "2491"]
[WhiteFideId "35093290"]
[BlackFideId "13602993"]
[EventDate "2021.06.06"]

1. e4 c6 2. d4 d5 3. exd5 cxd5 4. c4 Nf6 5. Nc3 Nc6 6. Nf3 Be6 7. Ng5 Bg4 8. Qb3
Nxd4 9. Qa4+ Bd7 10. Qd1 e5 11. cxd5 Bb4 12. Be3 O-O 13. Bxd4 exd4 14. Qxd4 Re8+
15. Be2 Bxc3+ 16. bxc3 Bb5 17. c4 Ba6 18. Rc1 Rc8 19. Rc2 Nxd5 20. Qh4 h6 21.
Nf3 Qxh4 22. Nxh4 Rxc4 23. Rxc4 Bxc4 24. O-O Bxe2 25. Re1 Bb5 26. Rd1 Nc3 27.
Ra1 Nxa2 28. Nf3 Bc4 29. Nd2 b5 30. f3 Re2 31. Ne4 a5 32. Nd6 a4 33. Kf1 Rc2+
34. Nxc4 bxc4 35. Ke1 Rc1+ 36. Rxc1 Nxc1 37. Kd2 Nb3+ 38. Kc3 a3 39. Kxc4 a2 40.
Kxb3 a1=Q 0-1

[Event "Women's Speed Chess Q8"]
[Site "chess.com INT"]
[Date "2021.06.06"]
[Round "8"]
[White "Eswaran, Ashritha"]
[Black "Bodnaruk, Anastasia"]
[Result "1/2-1/2"]
[WhiteTitle "WIM"]
[BlackTitle "IM"]
[WhiteElo "2244"]
[BlackElo "2446"]
[WhiteFideId "2080788"]
[BlackFideId "4181751"]
[EventDate "2021.06.06"]

1. e4 c5 2. Nf3 d6 3. d4 cxd4 4. Nxd4 Nf6 5. Nc3 a6 6. Be3 e5 7. Nf3 Qc7 8. a4
Be7 9. a5 Nbd7 10. Be2 O-O 11. O-O Nc5 12. Nd2 Be6 13. Bg5 b5 14. axb6 Qxb6 15.
Bxf6 Bxf6 16. b3 Qb4 17. Na2 Qb7 18. Bf3 d5 19. exd5 Bxd5 20. Bxd5 Qxd5 21. Nc4
Qe6 22. Nb4 Rfd8 23. Qe2 Rab8 24. Na2 Rd4 25. Rad1 Rbd8 26. Rxd4 exd4 27. Qh5
Rd5 28. Qf3 h6 29. Nb4 Rd8 30. h3 d3 31. Nxd3 Nxd3 32. cxd3 Qd7 33. Rd1 Bd4 34.
Re1 Bc3 35. Re3 Bd4 36. Re4 Bc3 37. Re3 Bd4 38. Re4 Bc3 39. Re3 1/2-1/2

[Event "Women's Speed Chess Q8"]
[Site "chess.com INT"]
[Date "2021.06.06"]
[Round "8"]
[White "Torres Hernandez, Leslie Carolin"]
[Black "Varney, Zoe"]
[Result "0-1"]
[WhiteTitle "WFM"]
[BlackTitle "WCM"]
[WhiteElo "1884"]
[BlackElo "1917"]
[WhiteFideId "8400504"]
[BlackFideId "436135"]
[EventDate "2021.06.06"]

1. e4 e5 2. Nf3 Nc6 3. Bc4 Nf6 4. d3 Bc5 5. O-O a6 6. c3 d6 7. Be3 Ba7 8. Nbd2
O-O 9. h3 Na5 10. Bxa7 Rxa7 11. b4 Nxc4 12. Nxc4 b5 13. Ne3 c6 14. Nh2 Rd7 15.
Nf5 d5 16. exd5 cxd5 17. Ng4 Rc7 18. Nxf6+ Qxf6 19. Ne3 Bb7 20. Rc1 Qg6 21. Qg4
Qxd3 22. Nf5 g6 23. Nh6+ Kg7 24. Qg5 f6 25. Qh4 f5 26. f4 Qe3+ 27. Kh1 d4 28.
Rce1 Qd2 29. Qg5 Bxg2+ 30. Qxg2 Qxg2+ 31. Kxg2 Kxh6 32. fxe5 dxc3 33. e6 c2 34.
e7 Re8 35. Rf2 c1=Q 0-1

[Event "Women's Speed Chess Q8"]
[Site "chess.com INT"]
[Date "2021.06.06"]
[Round "8"]
[White "Dordzhieva, Dinara"]
[Black "Nemcova, Katerina"]
[Result "0-1"]
[WhiteTitle "WGM"]
[BlackTitle "WGM"]
[WhiteElo "2311"]
[BlackElo "2331"]
[WhiteFideId "24157570"]
[BlackFideId "322750"]
[EventDate "2021.06.06"]

1. Nf3 Nf6 2. d4 d5 3. c4 e6 4. g3 c6 5. Bg2 Nbd7 6. O-O Bd6 7. Nc3 O-O 8. Qd3
dxc4 9. Qxc4 e5 10. dxe5 Nxe5 11. Nxe5 Bxe5 12. Rd1 Qe7 13. Bg5 h6 14. Be3 Re8
15. Bc5 Qc7 16. Qh4 b6 17. Bd4 Bb7 18. Bxe5 Qxe5 19. Rd2 Rad8 20. Rad1 Rxd2 21.
Rxd2 Qe7 22. Qa4 Qc7 23. h3 a5 24. Qb3 Rd8 25. Rc2 c5 26. e4 Rd4 27. Re2 Rb4 28.
Qc2 Qd7 29. Kh2 Rd4 30. b3 Ba6 31. Re1 Rd2 32. Qc1 Rxf2 33. Qe3 Qd2 34. e5 Rxg2+
35. Kh1 Rh2+ 36. Kg1 Qg2# 0-1

[Event "Women's Speed Chess Q8"]
[Site "chess.com INT"]
[Date "2021.06.06"]
[Round "8"]
[White "Szente Varga, Fruzsina"]
[Black "Agrest, Inna"]
[Result "0-1"]
[WhiteTitle "WFM"]
[BlackTitle "WIM"]
[WhiteElo "2100"]
[BlackElo "2285"]
[WhiteFideId "712264"]
[BlackFideId "1708830"]
[EventDate "2021.06.06"]

1. e4 e5 2. Nf3 Nc6 3. Bb5 a6 4. Ba4 Nf6 5. Qe2 b5 6. Bb3 Bc5 7. c3 d6 8. O-O
O-O 9. h3 Bb7 10. Rd1 Bb6 11. d3 h6 12. Nbd2 Ne7 13. Nf1 Ng6 14. Be3 c5 15. Ng3
Nf4 16. Bxf4 exf4 17. Nf5 Re8 18. a4 Qc7 19. Qd2 c4 20. Bc2 cxd3 21. Bxd3 Bxe4
22. axb5 axb5 23. Rxa8 Rxa8 24. Bxe4 Nxe4 25. Qd5 Re8 26. N3d4 Kh7 27. Qxb5 Re5
28. Qd3 g6 29. Nh4 d5 30. Nhf3 Re8 31. Qb5 Rd8 32. Ra1 Rd6 33. Qb3 Qe7 34. Ra6
Bxd4 35. Rxd6 Bxf2+ 36. Kf1 Qxd6 37. Qb7 Qe6 38. b4 Ng3+ 39. Kxf2 Qe2+ 40. Kg1
Qf1+ 41. Kh2 Qh1# 0-1

[Event "Women's Speed Chess Q8"]
[Site "chess.com INT"]
[Date "2021.06.06"]
[Round "8"]
[White "Purtseladze, Maka"]
[Black "Vantika, Agrawal"]
[Result "0-1"]
[WhiteTitle "IM"]
[BlackTitle "WIM"]
[WhiteElo "2274"]
[BlackElo "2286"]
[WhiteFideId "13602659"]
[BlackFideId "25050389"]
[EventDate "2021.06.06"]

1. Nf3 Nf6 2. b3 g6 3. Bb2 Bg7 4. c4 O-O 5. Nc3 d6 6. g3 e5 7. Bg2 Re8 8. O-O c6
9. e4 a5 10. d3 Na6 11. a3 Bg4 12. h3 Bxf3 13. Bxf3 Nc5 14. b4 axb4 15. axb4
Rxa1 16. Bxa1 Ne6 17. Ne2 Qb6 18. Qa4 Nd7 19. Bc3 f5 20. exf5 gxf5 21. Kg2 Rf8
22. Qa2 Qc7 23. Ra1 Ng5 24. Qa5 Qc8 25. Bh5 Nf6 26. h4 Nxh5 27. hxg5 f4 28. f3
fxg3 29. Rh1 Qf5 30. Rf1 Qxd3 31. Qa2 Qxe2+ 32. Qxe2 Nf4+ 33. Kxg3 Nxe2+ 0-1

[Event "Women's Speed Chess Q8"]
[Site "chess.com INT"]
[Date "2021.06.06"]
[Round "8"]
[White "Arpita, Mukherjee"]
[Black "Nandhidhaa, P V"]
[Result "0-1"]
[WhiteTitle "WIM"]
[BlackTitle "WGM"]
[WhiteElo "2206"]
[BlackElo "2365"]
[WhiteFideId "5056403"]
[BlackFideId "5050847"]
[EventDate "2021.06.06"]

1. e4 g6 2. d4 Bg7 3. Nf3 c6 4. Nc3 d5 5. e5 h5 6. Bg5 Nh6 7. Bd3 Nf5 8. Qe2 Be6
9. O-O-O Nd7 10. h3 Qb6 11. g4 hxg4 12. hxg4 Rxh1 13. Rxh1 Nxd4 14. Nxd4 Qxd4
15. f4 Nc5 16. Rd1 Nxd3+ 17. cxd3 O-O-O 18. Bxe7 Qxf4+ 19. Kb1 Bxg4 20. Qg2 Bxd1
21. Bxd8 Bf3 22. Qg5 Qxg5 23. Bxg5 Bxe5 24. Kc2 f6 25. Bh4 g5 26. Bf2 g4 27. Nd1
Bxd1+ 28. Kxd1 Bxb2 29. Ke2 f5 30. Bxa7 f4 31. Bg1 Kd7 32. d4 Ke6 0-1

[Event "Women's Speed Chess Q8"]
[Site "chess.com INT"]
[Date "2021.06.06"]
[Round "8"]
[White "Arabidze, Meri"]
[Black "Nikolova, Adriana"]
[Result "1-0"]
[WhiteTitle "IM"]
[BlackTitle "WGM"]
[WhiteElo "2432"]
[BlackElo "2243"]
[WhiteFideId "13604040"]
[BlackFideId "2908689"]
[EventDate "2021.06.06"]

1. Nf3 d5 2. e3 Nf6 3. b3 c6 4. Bb2 Bg4 5. Be2 Nbd7 6. h3 Bh5 7. c4 e6 8. O-O
Bd6 9. d4 O-O 10. Nbd2 Qe7 11. a3 Ne4 12. b4 Nxd2 13. Nxd2 Bxe2 14. Qxe2 a5 15.
c5 Bc7 16. b5 e5 17. Qd1 exd4 18. exd4 Qf6 19. b6 Bb8 20. Qf3 Bf4 21. Bc3 Bxd2
22. Qxf6 Nxf6 23. Bxd2 Ne4 24. Bf4 a4 25. Rfe1 Rfe8 26. Rac1 f5 27. f3 Nf6 28.
g4 fxg4 29. hxg4 h6 30. Be5 Nd7 31. f4 Kf7 32. Kg2 Ra5 33. Rb1 Raa8 34. Kg3 Re7
35. f5 Rae8 36. Kf4 g5+ 37. Kf3 Nxe5+ 38. dxe5 Rxe5 39. Rxe5 Rxe5 40. Rb4 d4 41.
Rxd4 Rxc5 42. Rd7+ Kf6 43. Rxb7 Rb5 44. Rb8 Rb3+ 45. Ke4 Kg7 46. b7 c5 47. f6+
Kf7 48. Rh8 Rxb7 49. Rh7+ Kxf6 50. Rxb7 1-0

[Event "Women's Speed Chess Q8"]
[Site "chess.com INT"]
[Date "2021.06.06"]
[Round "8"]
[White "Perez Rodriguez, Jennifer"]
[Black "Doluhanova, Evgeniya"]
[Result "0-1"]
[WhiteTitle "WIM"]
[BlackTitle "WGM"]
[WhiteElo "2251"]
[BlackElo "2192"]
[WhiteFideId "3507831"]
[BlackFideId "14112035"]
[EventDate "2021.06.06"]

1. e4 e5 2. Nc3 Nc6 3. f4 Nf6 4. Nf3 d5 5. fxe5 Nxe4 6. d3 Nxc3 7. bxc3 Bg4 8.
d4 f6 9. exf6 Qxf6 10. Be2 Bd6 11. O-O Qg6 12. Nh4 Bxe2 13. Qxe2+ Qe4 14. Qxe4+
dxe4 15. Nf5 O-O 16. Nxd6 Rxf1+ 17. Kxf1 cxd6 18. Ba3 d5 19. Ke2 b5 20. Bc5 Kf7
21. a4 bxa4 22. Rxa4 Ke6 23. Ra6 Kd7 24. Ke3 Kc7 25. c4 Kb7 26. Ra1 dxc4 27.
Kxe4 a5 28. Kd5 Rd8+ 29. Kxc4 Ka6 30. Rb1 Rb8 31. Rxb8 Nxb8 32. d5 Nd7 33. Bd4
g6 34. d6 Kb7 35. Kd5 a4 36. Ke6 Kc6 37. c4 a3 38. g4 a2 39. g5 Nb6 40. c5 Nd7
41. Kf7 Nxc5 42. Kg7 Ne6+ 43. Kxh7 Nxd4 0-1

[Event "Women's Speed Chess Q8"]
[Site "chess.com INT"]
[Date "2021.06.06"]
[Round "8"]
[White "Nguyen, Hong Ngoc"]
[Black "Corrales Jimenez, Zenia"]
[Result "1-0"]
[WhiteTitle "WCM"]
[BlackTitle "WIM"]
[WhiteElo "1957"]
[BlackElo "2189"]
[WhiteFideId "12403083"]
[BlackFideId "3506355"]
[EventDate "2021.06.06"]

1. Nf3 d5 2. g3 Nf6 3. Bg2 e6 4. O-O c5 5. e3 Nc6 6. d4 Be7 7. Nbd2 O-O 8. c4
cxd4 9. Nxd4 dxc4 10. Nxc4 Nxd4 11. Qxd4 Qxd4 12. exd4 Rd8 13. Rd1 Nd5 14. Bd2
Bd7 15. Ne5 Be8 16. Rac1 Rac8 17. a3 Ba4 18. Rxc8 Rxc8 19. Rc1 Rxc1+ 20. Bxc1 b6
21. Bd2 f6 22. Nd3 Kf7 23. f4 Bb5 24. Nc1 Bc4 25. b3 Bb5 26. a4 Bc6 27. Kf2 e5
28. dxe5 fxe5 29. fxe5 Bc5+ 30. Ke1 Ke6 31. Nd3 Bd4 32. Bh3+ Kf7 33. e6+ Ke8 34.
Bf5 g6 35. Be4 Ke7 36. Bg5+ Kxe6 37. Nf4+ Nxf4 38. Bxc6 Nd3+ 39. Kd2 Nc5 40. b4
Nd7 41. Kd3 Bg1 42. Bxd7+ Kxd7 43. h3 Bh2 44. g4 a6 45. Be3 b5 46. axb5 axb5 47.
Kd4 Kd6 48. Ke4 Ke6 49. Bc5 Kf6 50. Kd5 Kg5 51. Be7+ Kf4 52. Bd6+ Kf3 53. Bxh2
Kg2 54. Bf4 Kxh3 55. g5 Kg4 56. Bc1 Kf5 57. Kc5 Ke6 58. Kxb5 h5 59. gxh6 Kf7 60.
Bg5 Kg8 61. Kc6 Kh7 62. b5 Kg8 63. b6 Kh7 64. b7 Kg8 65. b8=Q+ Kh7 66. Qc7+ Kg8
67. Qg7# 1-0

[Event "Women's Speed Chess Q8"]
[Site "chess.com INT"]
[Date "2021.06.06"]
[Round "8"]
[White "Tokhirjonova, Gulrukhbegim"]
[Black "Sliwicka, Alicja"]
[Result "0-1"]
[WhiteTitle "WGM"]
[BlackTitle "WIM"]
[WhiteElo "2344"]
[BlackElo "2308"]
[WhiteFideId "14203626"]
[BlackFideId "1150677"]
[EventDate "2021.06.06"]

1. e4 c5 2. Nf3 d6 3. d4 cxd4 4. Nxd4 Nf6 5. Nc3 Bd7 6. Be2 e5 7. Nb3 Bc6 8. Bg5
Nbd7 9. O-O h6 10. Be3 Nxe4 11. Nxe4 Bxe4 12. f4 Be7 13. Nd2 Bc6 14. Nc4 d5 15.
Nxe5 Nxe5 16. fxe5 O-O 17. Bd4 Bg5 18. Bd3 a6 19. a4 Qe7 20. c3 f6 21. Re1 fxe5
22. Rxe5 Qf7 23. Qe2 Rae8 24. Re1 Rxe5 25. Bxe5 Bf6 26. Rf1 Re8 27. Rxf6 gxf6
28. Qg4+ Qg7 29. Qxg7+ Kxg7 30. Bd4 Bxa4 31. Kf2 Bb3 32. h4 Bc4 33. Bf5 Bb5 34.
b4 Re2+ 35. Kf3 Re1 36. g4 Rh1 37. Kg2 Rd1 38. g5 hxg5 39. hxg5 Rxd4 40. cxd4
fxg5 41. Kg3 Kf6 42. Bc8 Bc6 43. Kg4 Kg6 44. Bf5+ Kf6 45. Bc8 Ke7 46. Kxg5 Kd6
47. Kf4 Kc7 48. Bf5 Kb6 49. Bd3 Bb5 50. Bc2 Bc4 51. Ba4 a5 52. bxa5+ Kxa5 53.
Bc2 Kb4 54. Ke5 Kc3 55. Ba4 Kb4 56. Bc2 b5 57. Bf5 Kc3 58. Be6 b4 59. Bf5 b3 60.
Bg6 b2 61. Bf5 Kd2 62. Kd6 Kc1 63. Kc5 b1=Q 64. Bxb1 Kxb1 0-1

[Event "Women's Speed Chess Q8"]
[Site "chess.com INT"]
[Date "2021.06.06"]
[Round "8"]
[White "Von Herman, Brigitte"]
[Black "Obregon Garcia, Roxangel"]
[Result "1-0"]
[WhiteTitle "WFM"]
[BlackTitle "WIM"]
[WhiteElo "1991"]
[BlackElo "2167"]
[WhiteFideId "4628730"]
[BlackFideId "3520420"]
[EventDate "2021.06.06"]

1. e4 c5 2. c3 d5 3. exd5 Qxd5 4. d4 Nc6 5. Nf3 Bf5 6. Be3 cxd4 7. cxd4 Bxb1 8.
Rxb1 e6 9. a3 Nf6 10. Bd3 Be7 11. O-O O-O 12. Re1 Rfd8 13. Qe2 h6 14. Rbd1 Rac8
15. Bb1 Bd6 16. h3 Ne7 17. b4 Nf5 18. Qd3 Bb8 19. g4 Qxf3 20. gxf5 Qxh3 21. f4
Qg3+ 22. Kh1 Ng4 23. Qe2 Rc3 24. Bd3 Qxe3 25. Qxe3 Nxe3 26. Rxe3 Bxf4 27. Re2
exf5 28. Bxf5 g6 29. Be4 f5 30. Bxb7 Rxa3 31. d5 Rh3+ 32. Kg2 Rg3+ 33. Kf2 Rb8
34. Re7 Rh3 35. Rde1 Bg3+ 36. Kg2 Bxe1 37. Kxh3 Bxb4 38. Rd7 a5 39. Bc6 Rb6 40.
Ra7 g5 41. Kg3 f4+ 42. Kf3 h5 43. Be8 Bd6 44. Bxh5 Rb3+ 45. Ke4 Rb4+ 46. Kf5 f3
47. Rxa5 Rf4+ 48. Kg6 1-0

[Event "Women's Speed Chess Q8"]
[Site "chess.com INT"]
[Date "2021.06.06"]
[Round "8"]
[White "Kashlinskaya, Alina"]
[Black "Babiy, Olga"]
[Result "1-0"]
[WhiteTitle "IM"]
[BlackTitle "WGM"]
[WhiteElo "2494"]
[BlackElo "2280"]
[WhiteFideId "4198026"]
[BlackFideId "14117258"]
[EventDate "2021.06.06"]

1. d4 d5 2. c4 dxc4 3. e3 Nf6 4. Bxc4 e6 5. Nf3 a6 6. O-O c5 7. Bb3 Nbd7 8. Nc3
b5 9. e4 cxd4 10. Nxd4 Bb7 11. Qe2 Qb6 12. Rd1 Bc5 13. Be3 Ne5 14. a4 Neg4 15.
axb5 O-O 16. e5 Qc7 17. Bf4 Rfd8 18. Ra4 h5 19. h3 axb5 20. Ncxb5 Qb6 21. Rxa8
Bxa8 22. exf6 Nxf6 23. Be3 Qb7 24. f3 Nd7 25. Nc3 Nf6 26. Bc2 Kf8 27. Nb3 Bxe3+
28. Qxe3 Rc8 29. Qd4 Kg8 30. Qd6 Qa7+ 31. Qd4 Qb7 32. Kh1 Qb8 33. Rd2 Qg3 34.
Qf2 Qf4 35. Ne4 Nxe4 36. Bxe4 1-0